Sports Quiz

Random Sports or NBA Quiz

Alltime NBA 30 points, 30 rebound games Quiz Stats

 Plays Quiz not verified by Sporcle

Score 0/131 Timer 10:00
1 Play Today
Team and Year Name % Correct
1959, Philadelphia 76ersWilt Chamberlain
95.9%
1959, Philadelphia 76ersWilt Chamberlain
95.9%
1959, Philadelphia 76ersWilt Chamberlain
95.9%
1959, Philadelphia 76ersWilt Chamberlain
95.8%
1959, Philadelphia 76ersWilt Chamberlain
95.8%
1959, Philadelphia 76ersWilt Chamberlain
95.8%
1959, Philadelphia 76ersWilt Chamberlain
95.8%
1959, Philadelphia 76ersWilt Chamberlain
95.8%
1959, Philadelphia 76ersWilt Chamberlain
95.8%
1959, Philadelphia 76ersWilt Chamberlain
95.8%
1959, Philadelphia 76ersWilt Chamberlain
95.8%
1960, Philadelphia 76ersWilt Chamberlain
95.8%
1960, Philadelphia 76ersWilt Chamberlain
95.8%
1960, Philadelphia 76ersWilt Chamberlain
95.8%
1960, Philadelphia 76ersWilt Chamberlain
95.8%
1960, Philadelphia 76ersWilt Chamberlain
95.8%
1960, Philadelphia 76ersWilt Chamberlain
95.8%
1960, Philadelphia 76ersWilt Chamberlain
95.8%
1960, Philadelphia 76ersWilt Chamberlain
95.8%
1960, Philadelphia 76ersWilt Chamberlain
95.8%
1960, Philadelphia 76ersWilt Chamberlain
95.8%
1960, Philadelphia 76ersWilt Chamberlain
95.8%
1960, Philadelphia 76ersWilt Chamberlain
95.8%
1960, Philadelphia 76ersWilt Chamberlain
95.8%
1960, Philadelphia 76ersWilt Chamberlain
95.8%
1960, Philadelphia 76ersWilt Chamberlain
95.8%
1960, Philadelphia 76ersWilt Chamberlain
95.8%
1960, Philadelphia 76ersWilt Chamberlain
95.8%
1960, Philadelphia 76ersWilt Chamberlain
95.8%
1960, Philadelphia 76ersWilt Chamberlain
95.8%
1960, Philadelphia 76ersWilt Chamberlain
95.8%
1960, Philadelphia 76ersWilt Chamberlain
95.8%
1960, Philadelphia 76ersWilt Chamberlain
95.8%
1960, Philadelphia 76ersWilt Chamberlain
95.8%
1960, Philadelphia 76ersWilt Chamberlain
95.8%
1960, Philadelphia 76ersWilt Chamberlain
95.8%
1961, Philadelphia 76ersWilt Chamberlain
95.8%
1961, Philadelphia 76ersWilt Chamberlain
95.8%
1961, Philadelphia 76ersWilt Chamberlain
95.8%
1961, Philadelphia 76ersWilt Chamberlain
95.8%
1961, Philadelphia 76ersWilt Chamberlain
95.8%
1961, Philadelphia 76ersWilt Chamberlain
95.8%
1961, Philadelphia 76ersWilt Chamberlain
95.8%
1961, Philadelphia 76ersWilt Chamberlain
95.8%
Team and Year Name % Correct
1961, Philadelphia 76ersWilt Chamberlain
95.8%
1961, Philadelphia 76ersWilt Chamberlain
95.8%
1962, Philadelphia 76ersWilt Chamberlain
95.8%
1962, Philadelphia 76ersWilt Chamberlain
95.8%
1962, Philadelphia 76ersWilt Chamberlain
95.8%
1962, Philadelphia 76ersWilt Chamberlain
95.8%
1962, Philadelphia 76ersWilt Chamberlain
95.8%
1962, Philadelphia 76ersWilt Chamberlain
95.8%
1962, Philadelphia 76ersWilt Chamberlain
95.8%
1962, Philadelphia 76ersWilt Chamberlain
95.8%
1962, Philadelphia 76ersWilt Chamberlain
95.8%
1962, Philadelphia 76ersWilt Chamberlain
95.8%
1963, Philadelphia 76ersWilt Chamberlain
95.8%
1963, Philadelphia 76ersWilt Chamberlain
95.8%
1963, Philadelphia 76ersWilt Chamberlain
95.8%
1963, Philadelphia 76ersWilt Chamberlain
95.8%
1963, Philadelphia 76ersWilt Chamberlain
95.8%
1963, Philadelphia 76ersWilt Chamberlain
95.8%
1963, Philadelphia 76ersWilt Chamberlain
95.8%
1964, San Francisco WarriorsWilt Chamberlain
95.8%
1964, San Francisco WarriorsWilt Chamberlain
95.8%
1964, San Francisco WarriorsWilt Chamberlain
95.8%
1964, San Francisco WarriorsWilt Chamberlain
95.8%
1964, San Francisco WarriorsWilt Chamberlain
95.8%
1964, San Francisco WarriorsWilt Chamberlain
95.8%
1964, San Francisco WarriorsWilt Chamberlain
95.8%
1965, San Francisco WarriorsWilt Chamberlain
95.8%
1964, San Francisco WarriorsWilt Chamberlain
95.8%
1965, San Francisco WarriorsWilt Chamberlain
95.8%
1965, San Francisco WarriorsWilt Chamberlain
95.8%
1965, San Francisco WarriorsWilt Chamberlain
95.8%
1965, San Francisco WarriorsWilt Chamberlain
95.8%
1965, Philadelphia 76ersWilt Chamberlain
95.8%
1965, Philadelphia 76ersWilt Chamberlain
95.8%
1965, Philadelphia 76ersWilt Chamberlain
95.8%
1965, Philadelphia 76ersWilt Chamberlain
95.8%
1965, Philadelphia 76ersWilt Chamberlain
95.8%
1966, Philadelphia 76ersWilt Chamberlain
95.8%
1966, Philadelphia 76ersWilt Chamberlain
95.8%
1966, Philadelphia 76ersWilt Chamberlain
95.8%
1966, Philadelphia 76ersWilt Chamberlain
95.8%
1966, Philadelphia 76ersWilt Chamberlain
95.8%
1966, Philadelphia 76ersWilt Chamberlain
95.8%
1966, Philadelphia 76ersWilt Chamberlain
95.8%
Team and Year Name % Correct
1966, Philadelphia 76ersWilt Chamberlain
95.8%
1967, Philadelphia 76ersWilt Chamberlain
95.8%
1967, Philadelphia 76ersWilt Chamberlain
95.8%
1967, Philadelphia 76ersWilt Chamberlain
95.8%
1967, Philadelphia 76ersWilt Chamberlain
95.8%
1967, Philadelphia 76ersWilt Chamberlain
95.8%
1967, Philadelphia 76ersWilt Chamberlain
95.8%
1967, Philadelphia 76ersWilt Chamberlain
95.8%
1967, Philadelphia 76ersWilt Chamberlain
95.8%
1968, Philadelphia 76ersWilt Chamberlain
95.8%
1968, Philadelphia 76ersWilt Chamberlain
95.8%
1968, Philadelphia 76ersWilt Chamberlain
95.8%
1968, Philadelphia 76ersWilt Chamberlain
95.8%
1971, LA LakersWilt Chamberlain
95.8%
1971, LA LakersWilt Chamberlain
95.8%
2010, Minnesota TimberwolvesKevin Love
83%
1958, Boston CelticsBill Russell
79.2%
1960 Boston CelticsBill Russell
79.2%
1978, LA LakersKareem Abdul Jabbar
75.5%
1952, Minneapolis LakersGeorge Mikan
59.2%
1952, Minneapolis LakersGeorge Mikan
59.1%
1979, Houston RocketsMoses Malone
55.2%
1982, Houston RocketsMoses Malone
55.2%
1961, LA LakersElgin Baylor
47.1%
1961, LA LakersElgin Baylor
47.1%
1959, St Louis HawksBob Pettit
45.6%
1970, San Diego RocketsElvin Hayes
38.4%
1973, Capital BulletsElvin Hayes
38.4%
1970, New York KnicksWillis Reed
37.5%
1965, San Francisco WarriorsNate Thurmond
33%
1968, San Francisco WarriorsNate Thurmond
33%
1969, San Francisco WarriorsNate Thurmond
33%
1969, San Francisco WarriorsNate Thurmond
33%
1965, Cincinnati RoyalsJerry Lucas
22.5%
1965, Cincinnati RoyalsJerry Lucas
22.5%
1964, Baltimore BulletsWalt Bellamy
20.2%
1965, Baltimore BulletsWalt Bellamy
20.2%
1979, Golden State WarriorsRobert Parish
15.4%
1971, Baltimore BulletsGeorge Johnson
14.4%
1957, Rochester RoyalsMaurice Stokes
10.6%
1960, Detroit PistonsBailey Howell
7.2%
1976, Milwaukee BucksSwen Nater
7%
1959, Detroit PistonsWalter Dukes
4.8%

You're not logged in!

Compare scores with friends on all Sporcle quizzes.
OR
Log In

Show Comments

Extras

Top Quizzes Today


Score Distribution

Your Account Isn't Verified!

In order to create a playlist on Sporcle, you need to verify the email address you used during registration. Go to your Sporcle Settings to finish the process.

Report this User

Report this user for behavior that violates our Community Guidelines.

Details: